Statistics for Top 5 Biggest Allies of every country 6#

Click here to take the quiz!

General Stats

  • This quiz has been taken 38 times
  • The average score is 63 of 75

Answer Stats

Answer% Correct
France
100%
France
100%
France
100%
France
100%
United States
100%
United States
100%
United States
100%
United States
100%
United States
100%
United States
100%
Canada
97%
China
97%
Germany
97%
Germany
97%
Malaysia
97%
Russia
97%
Russia
97%
Russia
97%
Spain
97%
Spain
97%
United Kingdom
97%
United Kingdom
97%
United Kingdom
97%
United Kingdom
97%
Saudi Arabia
94%
Sweden
94%
Turkey
94%
Turkey
94%
Finland
91%
Israel
91%
Norway
91%
South Korea
91%
United Arab Emirates
91%
Singapore
89%
Egypt
86%
Egypt
86%
Mexico
86%
Switzerland
86%
Syria
86%
Syria
86%
Greece
83%
Japan
83%
Japan
83%
Oman
83%
Philippines
80%
Ghana
77%
Ghana
77%
India
77%
India
77%
India
77%
India
77%
India
77%
India
77%
India
77%
India
77%
Indonesia
77%
Iraq
77%
Nigeria
77%
Tanzania
77%
Croatia
74%
Croatia
74%
Uganda
74%
Armenia
71%
Ethiopia
71%
Italy
71%
Mongolia
66%
Marshall Islands
63%
Guinea
57%
Rwanda
57%
Bhutan
54%
Burkina Faso
54%
Fiji
54%
Kyrgyzstan
54%
Micronesia
46%
Palestine
26%

Score Distribution

Percentile by Number Answered

Percent of People with Each Score

Your Score History

You have not taken this quiz